Psychologists in education services: The report of a working party appointed by the secretary of State for education and science: The summerfield report (Record no. 1365038)

MARC details
000 -LEADER
fixed length control field 00599nam a2200169Ia 4500
005 - DATE AND TIME OF LATEST TRANSACTION
control field 20250508160515.0
008 - FIXED-LENGTH DATA ELEMENTS--GENERAL INFORMATION
fixed length control field 008 250505s9999 xx 000 0 eng d
037 ## - SOURCE OF ACQUISITION
Stock number Reference
040 ## - CATALOGING SOURCE
Original cataloging agency FEDL
Language of cataloging eng
Transcribing agency FEDL
041 ## - LANGUAGE CODE
Language code of text/sound track or separate title eng
Source of code eng
084 ## - COLON CLASSIFICATION NUMBER
Classification number 370.15, GRE
Assigning agency FEDL
245 #0 - TITLE STATEMENT
Title Psychologists in education services: The report of a working party appointed by the secretary of State for education and science: The summerfield report
260 ## - PUBLICATION, DISTRIBUTION, ETC.
Place of publication, distribution, etc. London, UK
Name of publisher, distributor, etc. Her Majesty's Stationery Office
Date of publication, distribution, etc. 1968
300 ## - PHYSICAL DESCRIPTION
Extent xix,171p
942 ## - ADDED ENTRY ELEMENTS (KOHA)
Koha item type Reference
Classification part 370.15, GRE
Holdings
Withdrawn status Lost status Damaged status Not for loan Home library Current library Date acquired Total Checkouts Full call number Barcode Date last seen Price effective from Koha item type
        Department of Education Library Department of Education Library 2025-05-08   370.15, GRE EL0051432 2025-05-08 2025-05-08 Reference
Copyright @ Delhi University Library System